[Event "Aerosvit 2007"]
[Site "Foros RUS"]
[Date "2007.06.23"]
[Round "6"]
[White "GM Svidler, Peter(RUS)"]
[Black "GM Karjakin, Sergey(UKR)"]
[Result "1/2-1/2"]
[WhiteElo "2736"]
[BlackElo "2686"]
[Annotator "Ëåáåäåâ Âàñèëèé"]
[PlyCount "58"]
[EventDate "2007.06.23"]

1. d4 d5 2. c4 c6 3. Nf3 Nf6 4. Nc3 e6 5. e3 Nbd7 6. Qc2 Bd6 7. g4 {Âèäèìî,
ïåðåä ÷åìïèîíàòîì ìèðà â Ìåõèêî Ï¸òð ïðîèçâîäèò îáêàòêó íîâîãî äåáþòíîãî
ðåïåðòóàðà. Ýòà ïîçèöèÿ â åãî ïðàêòèêå åù¸ íå âñòðå÷àëàñü...} h6 ({
Íàñ÷¸ò õîäà} 7... Nxg4 {ñì. https://online.crestbook.com/ml07-10.htm} 8. Rg1
Qf6 9. Rxg4 ({à ïîïûòêà ðàçîáðàòüñÿ â ñëåäóþùåé ïàðòèè ïðèâåëà ê ïîëíîìó
õàîñó â ìîåé ãîëîâå:} 9. Be2 Nxh2 10. Nxh2 Bxh2 11. Rg2 Bd6 12. Bd2 h5 13.
O-O-O h4 14. f4 h3 15. Rg5 g6 16. Rh1 b6 17. Rg3 Bb7 18. Rf3 h2 19. e4 dxe4 20.
Nxe4 Qe7 21. c5 Bc7 22. Qa4 Rh4 23. Qa3 Nf6 24. Nd6+ Bxd6 25. cxd6 Qd7 26. f5
Ne4 27. fxg6 fxg6 28. Bf4 c5 29. Rxh2 Rxh2 30. Bxh2 cxd4 31. Kd1 Rc8 32. Rf1
Rc5 33. Qh3 Rh5 34. Bxh5 Nf2+ 35. Rxf2 {(1-0 Aronian,L (2744) - Vallejo Pons,F
(2679)/Monte Carlo MNC 2007) - ñì. https://www.crestbook.com/?q=node/354}) 9...
Qxf3 10. Rxg7 Nf6 11. h3 h6 12. Bd2 e5 13. Rg3 Qh5 14. cxd5 exd4 15. Ne4 Nxe4
16. Qxe4+ Qe5 17. Qxe5+ Bxe5 18. Rf3 cxd5 19. Bb5+ Ke7 20. exd4 Bd6 21. Kf1 Be6
22. Re1 Rac8 23. Bd3 Rc6 24. Rf5 Rb6 25. b3 Bb4 26. Bxb4+ Rxb4 27. Rxd5 Kf6 28.
Rd6 Ke7 29. Rd5 Kf6 {
(1/2 Aronian,L (2744) - Morozevich,A (2741)/Morelia/Linares MEX/ESP 2007).}) 8.
Bd2 dxc4 (8... Nxg4 9. Be2 $5 (9. Rg1 Qf6 $1)) 9. Bxc4 b5 10. Be2 Bb7 11. g5 {
È çäåñü îòêðûâàåòñÿ íåâîîáðàçèìûé ïðîñòîð äëÿ òâîð÷åñòâà. Ïàðòèé - ðàç, äâà è
îá÷¸ëñÿ.} ({Ìíå áîëüøå ïî äóøå} 11. e4 $5 b4 ({
ïðàâäà, èíîãäà ñëó÷àåòñÿ è òàêîå:} 11... Be7 12. Rc1 c5 13. e5 Nd5 14. Nxb5
O-O 15. dxc5 Bxc5 16. O-O Rc8 17. Qb1 Ne7 18. Bf4 Ng6 19. Bg3 Ndxe5 20. Nxe5
Nxe5 21. Rfd1 Qf6 22. Nd6 Bxd6 23. Rxd6 Nf3+ 24. Kf1 Be4 25. Qxe4 Rxc1+ 26. Bd1
Rd8 {0-1 Ivanchuk,V (2741) - Korneev,O (2657)/Barcelona 2006}) 12. Na4 Be7 13.
g5 hxg5 14. Nxg5 Qc7 15. e5 Nd5 16. Rg1 Bxg5 17. Bxg5 Rxh2 18. Bg4 c5 19. Rc1
Kf8 20. Nxc5 Nxc5 21. Qxc5+ Qxc5 22. Rxc5 Rc8 23. Be2 f6 24. exf6 gxf6 25. Bd2
Rxc5 26. dxc5 Bc6 27. Bf3 a5 28. a3 Rh4 29. axb4 axb4 30. Rg4 Rxg4 31. Bxg4 Ke7
32. Be2 Kd7 33. Bc4 Bb7 34. Bh6 Ne7 35. Kd2 Nf5 36. Bf8 Bc6 37. Kd3 Nh4 38. Ba6
Nf5 39. Kc4 Ke8 40. Bd6 Nxd6+ 41. cxd6 Kd7 42. Kc5 Bg2 43. Bb5+ Kd8 44. Kxb4 e5
45. Kc5 f5 46. Bc6 e4 47. b4 f4 48. b5 e3 {
(1-0 Nyback,T (2585) - Jaracz,P (2490)/Dresden GER 2007).}) 11... hxg5 12. Nxg5
Qb6 (12... Qe7 13. Nce4 (13. Bf3 Nd5 14. Nge4 Bxh2 15. O-O-O f5 16. Ng3 Nb4 17.
Qb1 O-O-O 18. a3 Na6 19. Qc2 b4 20. Na4 bxa3 21. Ba5 a2 22. Kd2 Ne5 23. Be2 Rd5
24. Qc3 c5 25. Bxa6 Bxa6 26. Nxc5 Qxc5 27. Qxc5+ Rxc5 28. dxc5 Nc4+ 29. Kc3
Nxa5 30. Rd6 Bb7 31. Rhd1 Bxg3 32. fxg3 Bd5 33. Ra6 Nc6 34. b4 Kb7 35. Ra3 a6
36. g4 Rh3 {0-1 Pedersen,S (2446) - Rasmussen,K (2449)/Aalborg 2006}) 13...
Nxe4 14. Nxe4 O-O 15. Nxd6 Qxd6 16. Bf3 Rab8 17. O-O-O Rfc8 18. Rhg1 Qf8 19.
Rg5 c5 20. d5 f6 21. Rh5 exd5 22. Qh7+ Kf7 23. Rg1 Re8 24. Rxd5 Ne5 25. Bh5+
Ke6 26. Rxe5+ Kxe5 27. Rxg7 Be4 28. Qh6 b4 29. Bf7 {
(1-0 Sargissian,G (2603)-Hillarp Persson,T (2548)/Reykjavik 2006)}) (12... Bf8
13. e4 c5 14. d5 exd5 15. e5 Nxe5 16. Bxb5+ Nc6 17. O-O-O Be7 18. Rhg1 Rg8 19.
Bf4 Qd7 20. Rge1 a6 21. Ba4 Rd8 22. f3 Rh8 23. Rg1 Rg8 24. Rge1 Rh8 25. Nge4
Nxe4 26. Rxd5 Nxc3 27. Rxd7 Nxa2+ 28. Kb1 Rxd7 29. Qxc5 Nab4 30. Rxe7+ Rxe7 31.
Qxb4 Rd7 32. Qe4+ {(1-0 Pedersen,S (2436) - Smeets,J (2532)/Vlissingen 2006)})
13. O-O-O $146 (13. Nce4 Nxe4 14. Nxe4 Be7 15. b4 a5 16. bxa5 Rxa5 17. Nc5 Nxc5
18. dxc5 Bxc5 19. Bxa5 Qxa5+ 20. Kf1 Bd6 21. Bf3 Ke7 22. h4 b4 23. Rd1 g5 24.
Qe4 Ba6+ 25. Be2 Qxa2 26. Bxa6 Qxa6+ 27. Kg2 Qb5 28. h5 b3 29. Rd2 f5 30. Qb1
Be5 31. Rd3 b2 32. Qc2 Ra8 33. Rhd1 c5 34. e4 Ra1 35. exf5 b1=Q 36. Rxb1 Rxb1
37. fxe6 g4 38. Qd2 Qc6+ {0-1 Sargissian,G (2658)-Smeets,J (2538)/Wijk aan Zee
NED 2007/The Week in Chess 636}) 13... b4 $1 ({
Íå ïðîõîäèëî «àêòèâíîå» è òåìïîâîå âñêðûòèå öåíòðà} 13... c5 {
, èáî â ýòîì ñëó÷àå âñêðûâàëñÿ íå òîëüêî öåíòð...} 14. Rhg1 Rxh2 ({
áåð¸ì ñàìûå î÷åâèäíûå îòâåòû; íó, è ðàññìîòðèì ñîâñåì óæ «íàïðàøèâàþùååñÿ»
} 14... cxd4 $2 15. Nxf7 $1 dxc3 ({èëè} 15... Kxf7 16. Qg6+ Ke7 17. Qxg7+ Kd8
18. Qxh8+ Kc7 19. Nxb5+ Qxb5 20. Bxb5 Rxh8 21. Ba5+ Nb6 22. Rxd4 $14) 16. Bxc3
Kxf7 17. Qg6+ Ke7 18. Qxg7+ Kd8 19. Qxh8+ ({çàñëóæèâàåò âíèìàíèÿ è} 19. Rxd6
Qxd6 20. Ba5+ Qc7+ 21. Bxc7+ Kxc7 22. Qf7 $1) 19... Kc7 20. Qh6 $14 {è ò.ä.})
15. Nxb5 Bf8 (15... Rc8 $4 16. Ba5 $1) 16. e4 $36 Rxf2 (16... Rc8 17. d5 $1)
17. Be3 Rh2 18. d5 $1 {È  ïîäíèìàåòñÿ áóðÿ...}) 14. Na4 ({
Ïîïðîáóåì ðàçîáðàòüñÿ, ÷òî áûëî áû, åñëè áû êîíü ïîïðûãàë â äðóãóþ ñòîðîíó:} 
14. Nce4 Bf8 15. Qa4 ({íå ïðîõîäèò} 15. Nxf7 Kxf7 16. Ng5+ Ke7 17. Qg6 c5 18.
Qf7+ Kd8 19. Nxe6+ Kc8 20. Rhg1 Bd5 $19) 15... c5 $1 {
Êàê ìû âèäèì, íè÷åãî õîðîøåãî äëÿ áåëûõ.}) 14... Qa5 15. Rhg1 (15. e4 c5 $1)
15... Rxh2 {Ïåøêó ýòó ìîæíî áûëî ñòóêíóòü äâóìÿ ñïîñîáàìè.} ({
À åñëè ñëîíîì? Äà åù¸ è ñ òåìïîì? Ñìîòðèì:} 15... Bxh2 $5 16. Nxf7 $1 Kxf7 (
16... Bxg1 17. Nd6+) 17. Qg6+ Ke7 {
È äëÿ íà÷àëà ñûãðàåì â ñòèëå ñòàðûõ ìàñòåðîâ} {â ñëó÷àå} 18. Qxg7+ Kd6 19.
Nc5 {, è âñ¸ ìîæåò çàêîí÷èòüñÿ âå÷íûì øàõîì â ñëó÷àå} Qxa2 ({
íî ìîæåò è íå çàêîí÷èòüñÿ:} 19... Kc7 $1 20. Nxe6+ Kb6 21. Rg5 Qxa2 {
, è êàê àòàêîâàòü äàëüøå íå âèäíî:} 22. Qe7 a5 23. Nc5 Rad8 $17) 20. Bxb4 Kc7
21. Nxe6+ $1 Qxe6 ({åñëè} 21... Kb6 {òî ïîñëå} 22. Nc5 Kc7 {
ìîæíî ïîïðîáîâàòü ïîæåðòâîâàòü ôåðçÿ:} 23. Bg4 $5 (23. Ne6+) 23... Rag8 24.
Bxd7 Rxg7 25. Rxg7 Nxd7 26. Rxd7+ Kc8 27. Rxb7 Bd6 28. Rd7 Bxc5 29. dxc5 Rh2
30. R7d2 Qc4+ 31. Bc3 Qxc5 {è ò.ä.}) 22. Ba5+ Kd6 23. Bb4+ Kc7 ({íî íå} 23...
c5 $2 24. dxc5+ Kc6 25. Rg6 $1 ({áåëûå õîòÿò áîëüøåãî, íî åñòü íè÷üÿ:} 25.
Bf3+ Kb5 26. Be2+ $1 Kxb4 27. Rxd7 $1 Be4 28. Rb7+ $1 Ka5 29. Rb5+ Ka4 30. Rb7
$1 Ka5 31. Rb5+ Ka4 $11) 25... Rhd8 26. Ba5 Be5 27. Rxf6 $1 Nxf6 28. Bxd8 Nd5
29. Bb5+ $1) 24. Ba5+ Kd6 25. Bb4+ Kc7 $11) ({Èòàê, èãðà â ñòàðîäàâíåì è
ñëàäîñòíîì ñòèëå ïðèâåëà â ëó÷øåì ñëó÷àå ê íè÷üåé, ïîýòîìó ïîïðîáóåì
ïîàòàêîâàòü åù¸ ðàç} 15... Bxh2 16. Nxf7 $1 Kxf7 17. Qg6+ Ke7 18. Nc5 $1 Rag8 (
{åñëè} 18... Qxa2 {, òî} 19. Rg5 $1 $36 {Íàïðèìåð,} Rag8 (19... Rab8 $2 20.
Qxg7+ Kd6 21. Bxb4 Kc7 22. Ba5+ $1) 20. Nxb7 Qa1+ 21. Qb1 Qxb1+ 22. Kxb1 $14 {
- äâà ñëîíà, êó÷à ñëàáûõ ïåøåê ó ïðîòèâíèêà, áîëåå àêòèâíûå ôèãóðû.}) (18...
Qb6 19. Qxg7+ Kd6 20. e4 $3 $40) 19. Nxb7 Qb6 20. Rh1 Qxb7 21. Qg2 {- áåëûå
îòûãðûâàþò ôèãóðó è ïîëó÷àþò ïðåèìóùåñòâî äâóõ ñëîíîâ. È âðîäå áû ó íèõ
ïåðåâåñ, îäíàêî, ïðîäîëæèì âàðèàíò:} b3 $1 22. Bc4 $1 ({ñëàáåå} 22. axb3 Qxb3
23. Rxh2 Rxh2 24. Qxh2 Ne4) 22... Qc7 23. f4 g5 24. Rxh2 gxf4 25. Qh1 $1 Rxh2
26. Qxh2 bxa2 27. Bxa2 {Äà, ó áåëûõ ïåðåâåñèê åñòü:} c5 (27... Qd6 28. exf4
Qxd4 29. f5 $36) 28. d5 $1 exd5 29. e4 $1 Rg4 30. exd5 $36) 16. Be1 ({
Òåïåðü, ðàçóìååòñÿ, óäàð íà f7 íå ïðîõîäèò:} 16. Nxf7 $4 Kxf7 17. Qg6+ Ke7 18.
Qxg7+ Kd8 $19) 16... Rc8 ({È îïÿòü âíà÷àëå ìíå êàçàëîñü, ÷òî} 16... c5 $5 {
íå âïîëíå õîðîøî:} 17. Nxf7 $1 Kxf7 18. Qg6+ Ke7 19. dxc5 $1 {
È òåïåðü ïðîñòî ñöåíàðèé ïåðåäà÷è «Â ãîñòÿõ ó ñêàçêè» íàðèñîâàëñÿ â ñëó÷àå}
Be5 $6 ({íî} 19... Rh7 $3 20. cxd6+ Kd8 21. Qf7 Rc8+ {è ò.ä.}) 20. Qxg7+ Ke8
21. Rg5 $1 {Ëàäüÿ èä¸ò â öåíòð äëÿ ðàçäà÷è ëþëåé ÷¸ðíîìó êîðîëþ.} Qxa4 (
21... Be4 22. Rxe5 $1 Nxe5 23. Rd6 $18) 22. Rxe5 $1 Qxa2 (22... Nxe5 23. Qxb7
$18) 23. c6 $3 Bxc6 24. Bxb4 Rh7 ({â ñëó÷àå} 24... Qa1+ {
íåáîëüøàÿ ïðîãóëêà èä¸ò òîëüêî íà ïîëüçó áåëîìó êîðîëþ:} 25. Kc2 Ba4+ 26. Kc3
Rc8+ 27. Bc5 $1 (27. Bc4 $4 Rxc4+ $1 28. Kxc4 Nxe5+ {ñ ìàòîì:}) 27... Ne4+ (
27... Nxe5 28. Qe7#) 28. Rxe4 Rxc5+ 29. Bc4 Qxd1 30. Qg8+ Nf8 (30... Ke7 31.
Rxe6#) 31. Rxe6+ Kd7 32. Qf7+ Kc8 33. Qxf8+ Kb7 34. Qxc5 $18) 25. Bh5+ $1 Kd8
26. Qxf6+ Kc8 27. Qxe6 $18) ({Ïîõîæå, åñòü è åù¸ îäèí ñïîñîá ïîñëå} 16... c5 $5
17. Nxf7 $1 Kxf7 18. Qg6+ {äîñòàâèòü áåëûì êó÷ó íåïðèÿòíîñòåé:} Kf8 $5 19.
dxc5 Be7 (19... Bxc5 20. Qxg7+ Ke8 21. Qg6+ Ke7 22. Qg7+ Ke8 $11) 20. Rxd7 $1 {
Åäèíñòâåííàÿ âîçìîæíîñòü «ïîäêðóòèòü»} Nxd7 21. Qxg7+ Ke8 22. Qg8+ Bf8 (22...
Nf8 23. Rg7 Qc7 24. Qf7+ Kd8 25. Bb5 $18) 23. Qxe6+ Kd8 24. Rg8 Kc7 $1 ({ïîñëå
} 24... Rh1 {ñëåäóåò} 25. Rxf8+ $1 {, è ïîëó÷àåòñÿ íè÷üÿ:} Nxf8 26. Qf6+ Ke8
27. Qe5+ Kf7 28. Bc4+ Kg6 29. Bd3+ Kf7 30. Bc4+ Kg6 $11) 25. Rxf8 $1 Rxf8 26.
Bg4 Kb8 $1 ({à ñëó÷àå} 26... Qxa4 $2 {
÷¸ðíûå ïðîèãðûâàþò ñðàçó äâå ëàäüè! Âîò òàêèì îáðàçîì:} 27. Qd6+ Kd8 28. Bxd7
Qxd7 29. Qxf8+ Kc7 30. Qf4+) 27. Qxd7 Rd8 28. Bxb4 Rxd7 29. Bxa5 Re7 $17) ({
Çíà÷èò, íà} 16... c5 $5 {íàäî ðåàãèðîâàòü ïîñïîêîéíåå:} 17. dxc5 $1 Bxc5 18.
Nxc5 Qxc5 19. Qxc5 Nxc5 20. Bb5+ Ke7 21. Bxb4 Rc8 22. Rd2 $1 a6 $1 23. Rc2 axb5
24. Rxc5 Rxc5+ 25. Bxc5+ Ke8 26. f3 Bd5 {
- è âñ¸ æå ó ÷¸ðíûõ ÷óòîê ïðèÿòíåå ïîçèöèÿ.}) 17. Bf3 Rh6 $6 {
Ðàçâå ëàäüþ êòî-òî êóäà-òî ãíàë? Çà÷åì æå îòñòóïàòü íàçàä?} ({
Äóìàåòñÿ, ÷òî èãðà ïî öåíòðó áûëà ñèëüíåå -} 17... Nd5 $5 {È æåðòâà} 18. Nxe6
{îïàñíà òîëüêî â ñëó÷àå êîíòðæåðòâû} Nxe3 $6 ({ïðàâèëüíî ñìåëîå} 18... fxe6
$1 {èìåÿ â âèäó íà} 19. Rxg7 {îòñêîê} Rh6 $1) 19. Qe4 Nxd1 20. Nec5+ Be7 21.
Bxd1 $36) 18. a3 Ba6 19. Kb1 {Êàê òîëüêî êîðîëü áåëûõ óø¸ë ñ ëèíèè «ñ»
÷¸ðíûå ðåøàþò äâèãàòü âïåð¸ä ñâîþ ïåøêó...} c5 20. dxc5 Bxc5 21. Nxc5 Rxc5 (
21... Qxc5 22. Qxc5 Nxc5 23. Bxb4 Nd3 24. Bd6) 22. axb4 $1 {
Íà ïñåâäîæåðòâó ôåðçÿ ëó÷øèé îòâåò - àíàëîãè÷íûé.} Qa1+ $1 23. Kxa1 Rxc2 24.
Ne4 Ne5 $1 ({Ñëàáåå} 24... Nxe4 {, èáî ïîñëå} 25. Bxe4 Rc7 26. Bc3 $14 ({íî íå
} 26. Rxg7 {, ïîòîìó ÷òî òåïåðü ïîëó÷àåòñÿ íè÷üÿ:} Be2 27. Rb1 Nf6 28. Bg2 Bd3
29. Rd1 Be2 $11) 26... g6 {äâà ñëîíà îáåùàþò áåëûì áîëåå ëó÷øèå ïåðñïåêòèâû})
25. Nxf6+ Rxf6 ({Íî òîëüêî, ðàçóìååòñÿ, íå «ñïàñåíèå» ïåøêè} 25... gxf6 $4
26. Rg8+ Ke7 27. b5 $1 $18) 26. Be4 Rc4 27. Bh1 $6 {Ïî-âèäèìîìó, íåòî÷íîñòü.}
({Ïîñëå} 27. Ba8 $1 {áåëûå ìîãëè ïðîäîëæèòü áîðüáó çà ïåðåâåñ:} Ng4 $6 28. Rxg4
$1 Rxg4 29. Bc6+ Ke7 30. b5 $1 e5 (30... Bc8 $2 31. e4 $1 Rff4 32. Bb4+ Kf6 33.
Rd8 {è ò.ä.}) 31. Rd7+ Ke8 32. Bc3 Rxc6 33. bxc6 Ra4+ 34. Kb1 Rc4 35. Bxe5 Rxc6
36. Rxa7 $14 {Ñ ìîëîä¸æüþ - â ýíäøïèëü! ;)}) 27... Nf3 {
È ÷¸ðíûå ðåøàþò, ÷òî íà ñåãîäíÿ - äîâîëüíî ïðèêëþ÷åíèé.} ({
Òàíöû âîêðóã ðàâíîâåñèÿ ïðîäîëæàëî} 27... Nd3 $1 28. Bc3 (28. Rxd3 $4 Rc1+ 29.
Ka2 Bxd3 $19) 28... Nxf2 29. Rd6 e5 30. Rd5 Re6 31. Ra5 Nxh1 32. Rxh1 f6 $1 33.
Rh8+ Kf7 34. b5 Bb7 35. Rxa7 Re7 {Ó ÷¸ðíûõ â ïåðñïåêòèâå îáðàçîâàíèå
ñâÿçàííûõ ïðîõîäíûõ, à ñäâîåííûå ïåøêè áåëûõ ëåãêî ñòîïîðÿòñÿ...}) 28. Bxf3
Rxf3 29. Rxg7 Bb5 {À ýòîò «ðàçíîöâåò», êîíå÷íî æå, áèòîíè÷ååí...} 1/2-1/2

[Event "Aerosvit 2007"]
[Site "Foros RUS"]
[Date "2007.06.23"]
[Round "6"]
[White "GM Van Wely, Loek(NED)"]
[Black "GM Ivanchuk, Vassily(UKR)"]
[Result "1/2-1/2"]
[WhiteElo "2674"]
[BlackElo "2729"]
[Annotator "Ëåáåäåâ Âàñèëèé"]
[PlyCount "33"]
[EventDate "2007.??.??"]

{Èãðîêîâ ïîðàçèë «âèðóñ ïðåäâûõîäíîãî äíÿ». Èãðàòü èì ñîâñåì íå õîòåëîñü...} 
1. c4 c5 2. Nf3 Nc6 3. d4 cxd4 4. Nxd4 Nf6 5. Nc3 e6 6. a3 d5 7. cxd5 exd5 8.
Bg5 Bc5 {Ðåäêèé õîä. Ïàðòèé òóò ñûãðàíî ñîâñåì ìàëî...} ({
Ãîðàçäî áîëüøå ðàçðàáîòàíà òåîðèÿ ïîñëå} 8... Be7 {È ïîñìîòðèòå, êàêóþ
ïðåêðàñíóþ ïàðòèÿ âûèãðàë ïîëüñêèé (áûâøèé íàø) ãðîññìåéñòåð:} 9. e3 O-O 10.
Bb5 Ne5 11. O-O a6 12. Be2 Be6 13. Qb3 b5 14. Rad1 Qb6 15. Bxf6 Bxf6 16. Nxd5
Bxd5 17. Qxd5 Rad8 18. Qb3 Nc6 19. Nxc6 Qxc6 20. Rc1 Qd5 21. Qxd5 Rxd5 22. Rc2
Rfd8 23. b3 g6 24. a4 Kg7 25. Rfc1 Be7 26. g3 bxa4 27. bxa4 a5 28. Rc7 R8d7 29.
Bb5 Rxc7 30. Rxc7 Re5 31. Kf1 Bb4 32. Ke2 Kf6 33. Bc4 Re7 34. Rc6+ Kg7 35. Bd5
f5 36. f3 Rd7 37. e4 fxe4 38. fxe4 Kf8 39. Kd3 Ke7 40. Kd4 Rd6 41. Rc2 Rd7 42.
e5 Kd8 43. Rc6 Rc7 44. Ra6 Bc5+ 45. Ke4 Ra7 46. Rf6 Rc7 47. Bc6 Bb4 48. Kd5 Rg7
49. g4 Kc7 50. g5 Re7 51. e6 Bd2 52. h4 Be1 53. Rf7 Kd8 54. Rf4 Bg3 55. Rf3 Be1
56. Bd7 Kc7 57. Rf4 Bg3 58. Rg4 {
(1-0 Krasenkow,M (2609) - Mamedyarov,S (2657)/Antalya 2004).}) 9. e3 O-O (9...
Be6 10. Bb5 Rc8 11. Rc1 Be7 12. Na4 Bd7 13. O-O O-O 14. Bxc6 Bxc6 15. Nc5 b6
16. Nd3 Bd7 17. Ne5 Rxc1 18. Qxc1 h6 19. Bh4 g5 20. Bg3 Ne4 21. Nec6 Bxc6 22.
Qxc6 Bf6 23. Rc1 Bxd4 24. exd4 Nxg3 25. hxg3 Kg7 26. Re1 Qf6 27. Qc3 Rd8 28.
Re5 Rd7 29. Qe3 Kf8 30. Qd2 Qd6 {
(1/2 Sturua,Z (2565) - Sorokin,M (2531)/Dubai 2002).}) 10. Be2 (10. Nxc6 bxc6
11. Be2 Be7 12. O-O Nd7 13. Bxe7 Qxe7 14. Qc2 Nb6 15. Rfd1 Be6 16. e4 Rfd8 17.
exd5 Bxd5 18. Rd3 Bc4 19. Re3 Qf8 20. Ne4 Bxe2 21. Rxe2 Rac8 22. Ng5 g6 23.
Rae1 Nd5 24. g3 Re8 25. Qa4 Rxe2 26. Rxe2 h6 27. Nf3 Rc7 28. h4 Qd6 29. Re8+
Kg7 30. Qd4+ Qf6 31. Ne5 Re7 32. Rxe7 Nxe7 33. f4 Nf5 34. Qc3 Kg8 35. Kg2 Qd6
36. Qxc6 Qd2+ 37. Kh3 Nd6 38. Qg2 Qc1 39. Qd5 Qf1+ 40. Kh2 h5 41. b4 Kg7 42.
Qh1 Qa6 43. Qf3 f6 44. Qd3 Qxd3 45. Nxd3 Kf7 46. Nc5 Nb5 47. a4 Nd4 48. Kg2 Ke7
49. Kf2 Kd6 50. Ne4+ Kd5 51. Nxf6+ Kc4 52. b5 Kb4 53. Nd5+ Ka5 54. g4 hxg4 55.
Kg3 Nf5+ 56. Kxg4 Nd6 57. Kg5 Nf5 58. h5 {
(1-0 Bagirov,V (2475) - Simic,R (2505)/Dieren 1990).}) 10... Bxd4 11. exd4 h6
12. Bh4 Qd6 $146 (12... Re8 13. O-O g5 14. Bg3 Bf5 15. f4 Ne4 16. Nxe4 Bxe4 17.
fxg5 hxg5 18. Bh5 Rf8 19. h4 f5 20. Qd2 f4 21. Bh2 Qf6 22. hxg5 Qxg5 23. Bf3
Rae8 24. Rae1 Nxd4 25. Bxe4 dxe4 26. Bxf4 Qg7 27. Bh6 Rxf1+ 28. Rxf1 Qe5 29.
Qf2 Re7 30. Rd1 Nf5 31. Bf4 e3 32. Qf3 Qc5 33. Rd8+ Kf7 34. Qh5+ Kg7 35. Qg5+
Kf7 36. Qg8+ {(1-0 Franco Ocampos,Z (2542) - Petkov,V (2375)/Ortigueira 2004).}
) 13. Bg3 $6 (13. O-O $142 $5 {È, íàïðèìåð, â ñëó÷àå} Bf5 ({èëè} 13... Qf4 14.
Bxf6 Qxf6 15. Nxd5 Qd8 16. Bf3) {åñòü} 14. Bxf6 $1 Qxf6 (14... gxf6 15. Bf3 Be4
16. Bxe4 dxe4 17. Qg4+ Kh8 18. d5 $16) 15. Nxd5 Qd8 16. Bf3 Be6 17. Ne3 $1 Nxd4
18. Bxb7 Rb8 19. Bd5 {è ò.ä.}) 13... Qe7 14. O-O Ne4 15. Rc1 (15. Nxd5 $144 Qd8
16. Nc3 Nxg3 17. hxg3 Nxd4 $11) ({Íî çàñëóæèâàëî âíèìàíèÿ} 15. Bf3 $5 Nxg3 $140
16. Nxd5 $1 Qd8 17. hxg3 Be6 18. Ne3 {è ò.ä.}) 15... Nxc3 16. Rxc3 Qf6 17. Rd3
(17. Bf3 $5) 1/2-1/2